000 00904nam a2200301Ia 4500
001 19966
003 IT-RoPAU
008 130308s9999 xx 000 0 und d
040 _aIT-RoPAU
040 _cIT-RoPAU
041 _aITALIANO
100 _aMcLuhan Eric
100 _gCodice Aut. SPICS: 3936
245 _aFamiglia nucleare nell'era elettronica (La)
245 _bMass Media e Famiglia-Atti del congresso internazionale (Milano, 25-29 Giugno 1981)
250 _a1a ed.
260 _aMILANO
260 _bCisf
260 _c1982 [1° Ed.:1982 - Ed.Ling.Originale:1981]
300 _a"11 p. (prefazione: no ; testo: 11 [pagine: 27-37])"
500 _aOrigini della Famiglia nucleare Televisione PubblicitĂ  Famiglia dei Media
650 _aSAGGI DI COMUNICAZIONE SOCIALE
650 _eCodice materia Spics: 3807
942 _cBK
957 _71
999 _c44959
_d44959
999 _bSI
999 _g1